书目信息 |
| 题名: |
体验式家长会
|
|
| 作者: | 韦志中 著 | |
| 分册: | ||
| 出版信息: | 北京 西苑出版社 2020.06 |
|
| 页数: | 227页 | |
| 开本: | 21cm | |
| 丛书名: | ||
| 单 册: | ||
| 中图分类: | G459 | |
| 科图分类: | ||
| 主题词: | 家长会--jia chang hui | |
| 电子资源: | ||
| ISBN: | 978-7-5151-0747-9 | |
| 000 | 01136nam0 2200229 450 | |
| 001 | 0109110102 | |
| 005 | 20201109110334.0 | |
| 010 | @a978-7-5151-0747-9@dCNY59.80 | |
| 100 | @a20200521d2020 em y0chiy0110 ea | |
| 101 | 0 | @achi |
| 102 | @aCN@b110000 | |
| 105 | @ay z 000yy | |
| 106 | @ar | |
| 200 | 1 | @a体验式家长会@Ati yan shi jia zhang hui@f韦志中著 |
| 210 | @a北京@c西苑出版社@d2020.06 | |
| 215 | @a227页@d21cm | |
| 330 | @a体验式家长会是依据家长的成长需要与家庭教育需要,依据体验式心理教育技术,在团体动力的推动下,围绕教育主题而开展的体验、成长和学习活动。为了让大家更好的了解体验式家长会,我们选取了4个完整的家长会实录,四个主题依次是陪伴是最常情的告白、擦亮你的金字招牌、分离焦虑和我的六个家,每个主题包含背景介绍、课程实录、韦老师点评三个主要环节。老师的言行、家长的反应、技术的呈现、导师的点评在这里都会一一呈现。另外,关于体验式家长会的理论和在在课堂中运用的心理技术,我们也会在专门的章节中具体介绍,争取为读者呈现一份从理论到实践在到方法的课程大餐。 | |
| 606 | 0 | @a家长会@Ajia chang hui |
| 690 | @aG459@v5 | |
| 701 | 0 | @a韦志中@Awei zhi zhong@4著 |
| 801 | 0 | @aCN@bBJSZM@c20201103 |
| 905 | @b1266376-80@dG459@e448@f5 | |
| 体验式家长会/韦志中著.-北京:西苑出版社,2020.06 |
| 227页;21cm |
| ISBN 978-7-5151-0747-9:CNY59.80 |
| 体验式家长会是依据家长的成长需要与家庭教育需要,依据体验式心理教育技术,在团体动力的推动下,围绕教育主题而开展的体验、成长和学习活动。为了让大家更好的了解体验式家长会,我们选取了4个完整的家长会实录,四个主题依次是陪伴是最常情的告白、擦亮你的金字招牌、分离焦虑和我的六个家,每个主题包含背景介绍、课程实录、韦老师点评三个主要环节。老师的言行、家长的反应、技术的呈现、导师的点评在这里都会一一呈现。另外,关于体验式家长会的理论和在在课堂中运用的心理技术,我们也会在专门的章节中具体介绍,争取为读者呈现一份从理论到实践在到方法的课程大餐。 |
| ● |
| 相关链接 |
|
|
|
|
正题名:体验式家长会
索取号:G459/448
 
预约/预借
| 序号 | 登录号 | 条形码 | 馆藏地/架位号 | 状态 | 备注 |
| 1 | 1266376 | 212663768 | 第一样本阅览室/ [索取号:G459/448] | 在馆 | |
| 2 | 1266377 | 212663777 | 教育系资料室/ [索取号:G459/448] | 在馆 | |
| 3 | 1266378 | 212663786 | 教育系资料室/ [索取号:G459/448] | 在馆 | |
| 4 | 1266379 | 212663795 | 第四借阅区/ [索取号:G459/448] | 在馆 | |
| 5 | 1266380 | 212663802 | 第四借阅区/ [索取号:G459/448] | 在馆 |